000
00434nam a2200169Ia 4500
008
090711s9999 xx 000 0 und d
082
_b
40083
100
_a
भागवत यशवंत
245
_a
पोरकी
260
_c
1979
300
_a
156
600
_a
भागवत यशवंत
630
_a
पोरकी
700
_a
भागवत यशवंत
730
_a
पोरकी
942
_c
BOOK
999
_c
293418
_d
293418